003590000a22001210004500090001700000245008300017041001300100700002800113100002600141942001300167773004000180999001700220 aASbSeriadas10aMorphometrics, molt, cloacal temperatures and ectoparasites in colombian birds0 aInglés1 aWillis, Edwin O.9969911 aOniki, Yoshika999346 cARTICULO1 tCaldasia345h79q519-524d1991g16 c14755d14755